Music Quiz

Random Music Quiz

Two Steps From Hell - Invincible Songs Quiz Stats

 Plays Quiz not verified by Sporcle

Support Sporcle.
Go Orange.
Score 0/22 Timer 03:00
0 Plays Today
% Correct
Invincible
85.3%
Heart of Courage
84.5%
Protectors of the Earth
78.4%
Moving Mountains
66.4%
To Glory
64.7%
Black Blade
62.1%
Freedom Fighters
59.5%
Tristan
52.6%
Fire Nation
50%
After the Fall
50%
Master of Shadows
48.3%
% Correct
Undying Love
48.3%
1000 Ships of the Underworld
46.6%
Am I Not Human
44.8%
False King
44%
Fill My Heart
44%
Enigmatic Soul
40.5%
Hypnotica
40.5%
Infinite Legends
40.5%
Breath of Ran Gor
39.7%
Velocitron
37.9%
Super Strenght
15.5%

You're not logged in!

Compare scores with friends on all Sporcle quizzes.
OR
Log In

From the Vault

Famous People with Animals in Their Names

by Tom_the_Terrible

Unfortunately, Sporcleton P. Sparrow did not make the cut.
Remove Ads.
Support Sporcle.
Get the best of Sporcle when you Go Orange. This ad-free experience offers more features, more stats, and more fun while also helping to support Sporcle. Thank you for becoming a member.

Show Comments

Extras

Created Feb 18, 2011ReportNominate
Tags:epic, Trailer

Top Quizzes Today


Score Distribution

Your Account Isn't Verified!

In order to create a playlist on Sporcle, you need to verify the email address you used during registration. Go to your Sporcle Settings to finish the process.

Report this User

Report this user for behavior that violates our Community Guidelines.

Details: